000 00625nam a2200265Ia 4500
005 20260306164349.0
008 008 260114s9999 xx 000 0 eng d
020 _a9780262259002
037 _aEBOOK
040 _aCRL
040 _beng
040 _cCRL
041 _2eng
041 _aeng
084 _qCRL
100 _aKlein, Shambaugh
_91130551
245 0 _aExchange Rate Regimes In The Modern Era
260 _bThe MIT Press
260 _c2013
650 _aEconomics & Finance
856 _uhttps://academic.oup.com/book/19039
942 _cEBOOK
999 _c1713796
_d1713796